Statistics for General Knowledge Quiz #21

Click here to take the quiz!

General Stats

  • This quiz has been taken 113,019 times
    (50,339 since last reset)
  • The average score is 12 of 20

Answer Stats

QuestionAnswer% Correct
What does Sally sell by the sea shore?Sea Shells
93%
What country is famous for windmills?Netherlands
90%
What city are you in if you land at LAX?Los Angeles
86%
When signing a letter with XOXO, what does X stand for?Kiss
85%
What country does Toblerone chocolate come from?Switzerland
85%
Who lived at 221B Baker Street?Sherlock Holmes
75%
What sword was given to King Arthur by the Lady of the Lake?Excalibur
74%
What is camembert a type of?Cheese
71%
What does an Anglophile love?English Culture
68%
In Sharia law, what is the specific punishment for adultery?Stoning to Death
64%
If dogs are canine, what are cattle?Bovine
62%
What is the largest type of fruit or vegetable?Pumpkin
61%
According to the saying, where do all roads lead?Rome
61%
What group of people had their capital at Tenochtitlan?The Aztecs
56%
What is Siddhartha Gautama better known as?Buddha
51%
What mountain range separates Spain and France?The Pyrenees
50%
"Red Dragon" is a prequel to what movie?The Silence of the Lambs
34%
Who was the first European to reach India by sea?Vasco da Gama
26%
What is the capital of Tibet?Lhasa
22%
Who sculpted "The Burghers of Calais"?Auguste Rodin
14%

Score Distribution

Percentile by Number Answered

Percent of People with Each Score

Your Score History

You have not taken this quiz since the last reset